| 000 | 00836 a2200205 4500 | ||
|---|---|---|---|
| 020 | _a0691015864 | ||
| 020 | _a9780691015866 | ||
| 082 | _a517.52 | ||
| 090 |
_c1025 _d1025 |
||
| 100 | 1 | _aRockafellar, Ralph Tyrell. | |
| 245 | 1 | 0 |
_aConvex analysis / _cRalph Tyrell Rockafellar. |
| 260 |
_a[S.l.] : _bPrinceton University Press, _c1970. |
||
| 300 |
_a469 p. ; _c23 cm. |
||
| 490 | 1 | _aPrinceton landmarks in mathematics and physics. | |
| 700 | _aRockafellar, Ralph Tyrell. | ||
| 830 | 0 | _aPrinceton landmarks in mathematics and physics. | |
| 942 |
_aSNS _cBK _k517.52 ROC |
||
| 999 |
_c29643 _d29643 |
||